The oxford india anthology of tamil dalit writing/ (Record no. 32872)

000 -LEADER
fixed length control field 00469nam a22001691a 4500
020 ## - INTERNATIONAL STANDARD BOOK NUMBER
ISBN 0198079389
082 ## - DEWEY DECIMAL CLASSIFICATION NUMBER
Classification number 809.892 069 4
Item number RAV/O
245 ## - TITLE STATEMENT
Title The oxford india anthology of tamil dalit writing/
Statement of responsibility, etc by Ravikumar (ed.)
260 ## - PUBLICATION, DISTRIBUTION, ETC. (IMPRINT)
Place of publication New Delhi
Name of publisher Oxford University Press
Year of publication 2012
300 ## - PHYSICAL DESCRIPTION
Number of Pages 334p.
650 ## - SUBJECT ADDED ENTRY--TOPICAL TERM
Topical Term Dalit Writings Tamil
650 ## - SUBJECT ADDED ENTRY--TOPICAL TERM
Topical Term Dalit Literature
650 ## - SUBJECT ADDED ENTRY--TOPICAL TERM
Topical Term Literature
700 ## - ADDED ENTRY--PERSONAL NAME
Personal name Azhagarasan R (ed.)
700 ## - ADDED ENTRY--PERSONAL NAME
Personal name Ravikumar (ed.)
942 ## - ADDED ENTRY ELEMENTS (KOHA)
Koha item type Book
Holdings
Withdrawn status Lost status Damaged status Not for loan Permanent Location Current Location Date acquired Cost, normal purchase price Full call number Accession Number Cost, replacement price Price effective from Koha item type
        Sree Sankaracharya University of Sanskrit Sree Sankaracharya University of Sanskrit 08.01.2015 595.00 809.892 069 4 RAV/O 069800 0.00 08.01.2015 Book